Obstarávanie tovarov, služieb a prác v nízkych hodnotách

Verejní obstarávatelia sa musia aj pri zabezpečovaní tovarov bežného charakteru riadiť platným zákonom č. 25/2006 Z.z. o verejnom obstarávaní. Všeobecné ustanovenia. Určenie predpokladanej hodnoty zákazky. Postup zadávania zákazky v podmienkach mesta/obce. Komunikácia a evidencia. Hodnotenie ponúk p...

Ausführliche Beschreibung

Gespeichert in:
Bibliographische Detailangaben
1. Verfasser: Lőrinc, Drahoslav
Format: Buchkapitel
Sprache:Slowakisch
Schlagworte:
Tags: Tag hinzufügen
Keine Tags, Fügen Sie das erste Tag hinzu!

MARC

LEADER 00000naa$a2200000$$$4500
001 0065424
005 20231013071757.0
041 0 |a slo 
044 |a SK 
245 1 0 |a Obstarávanie tovarov, služieb a prác v nízkych hodnotách  |c Drahoslav Lőrinc 
520 |a Verejní obstarávatelia sa musia aj pri zabezpečovaní tovarov bežného charakteru riadiť platným zákonom č. 25/2006 Z.z. o verejnom obstarávaní. Všeobecné ustanovenia. Určenie predpokladanej hodnoty zákazky. Postup zadávania zákazky v podmienkach mesta/obce. Komunikácia a evidencia. Hodnotenie ponúk pri zákazkách s nízkou hodnotou. Vyhodnotenie a uzavretie zmluvy. Dokumentácia postupov zadávania zákaziek s nízkymi hodnotami. Kontrola postupov zadávania zákaziek s nízkymi hodnotami. Všeobecné a záverečné ustanovenia. Prílohy. 
610 2 0 |a obstarávanie verejné 
610 2 0 |a tovar 
610 2 0 |a služby 
610 2 0 |a zákazky 
610 2 0 |a hodnota 
610 2 0 |a mestá 
610 2 0 |a obce 
610 2 0 |a zmluvy 
610 2 0 |a kontrola 
100 1 |a Lőrinc, Drahoslav